[Event "SVK-ch U16"]
[Site "Tatralandia"]
[Date "2024.04.10"]
[Round "7"]
[White "Mantic, Andrej"]
[Black "Szakal, Bartolomej"]
[Result "1-0"]
[WhiteElo "1855"]
[BlackElo "1839"]
[PlyCount "47"]
[EventDate "2024.04.05"]
[EventType "swiss"]
[EventRounds "9"]
[EventCountry "SVK"]
[SourceTitle "CB16_2024"]
[SourceDate "2024.04.17"]
[SourceVersion "1"]
[SourceVersionDate "2024.04.17"]
[SourceQuality "1"]

1. e4 c5 2. Nf3 Nc6 3. Nc3 g6 4. d4 cxd4 5. Nxd4 Bg7 6. Be3 d6 7. Bb5 Bd7 8. Qd2 Nf6 9. 0-0-0 Nxd4 10. Bxd7+ Nxd7 11. Bxd4 0-0 12. Bxg7 Kxg7 13. h4 Nf6 14. Qg5 h6 15. Qg3 Qc8 16. e5 Nh5 17. Qe3 Rd8 18. exd6 exd6 19. Qd4+ Kh7 20. g4 Ng7 21. h5 Qc5 22. Qf4 Qg5 23. hxg6+ fxg6 24. Qxg5 1-0

[Event "SVK-ch U16"]
[Site "Tatralandia"]
[Date "2024.04.06"]
[Round "2"]
[White "Tonhajzer, Matus"]
[Black "Mantic, Andrej"]
[Result "0-1"]
[WhiteElo "1549"]
[BlackElo "1855"]
[PlyCount "84"]
[EventDate "2024.04.05"]
[EventType "swiss"]
[EventRounds "9"]
[EventCountry "SVK"]
[SourceTitle "CB16_2024"]
[SourceDate "2024.04.17"]
[SourceVersion "1"]
[SourceVersionDate "2024.04.17"]
[SourceQuality "1"]

1. d4 Nf6 2. c4 g6 3. Nc3 Bg7 4. Nf3 0-0 5. e4 d6 6. Be2 c5 7. 0-0 b6 8. Be3 Bb7 9. d5 Nbd7 10. h3 Re8 11. Qc2 a6 12. a4 e6 13. Rfb1 exd5 14. exd5 Qe7 15. Bd3 Ne5 16. b4 Nxf3+ 17. gxf3 Nd7 18. bxc5 dxc5 19. a5 Qf6 20. Ra3 Qxf3 21. Be4 Qxh3 22. Bg2 Qh4 23. Ra4 Be5 24. Kf1 Bf4 25. Bxf4 Qxf4 26. Ne2 Qh4 27. axb6 Ne5 28. Qc3 Ng4 29. Qg3 Qg5 30. Qf4 Qh4 31. Qg3 Qh5 32. Bh3 Nh2+ 33. Qxh2 Rxe2 34. Qg3 Rae8 35. Ra3 Bc8 36. Bg2 Rd2 37. Bf3 Qf5 38. Rab3 Bb7 39. Bg4 Qe4 40. Rc1 Rc2 41. Rc3 Rxc3 42. Rxc3 Qh1+ 0-1

[Event "Lesnica Pieniny op"]
[Site "Lesnica"]
[Date "2024.03.24"]
[Round "7"]
[White "Mantic, Andrej"]
[Black "Haborak, Kristian"]
[Result "1/2-1/2"]
[WhiteElo "1804"]
[BlackElo "2095"]
[PlyCount "162"]
[EventDate "2024.03.21"]
[EventType "swiss"]
[EventRounds "7"]
[EventCountry "SVK"]
[SourceTitle "CB13_2024"]
[SourceDate "2024.03.27"]
[SourceVersion "1"]
[SourceVersionDate "2024.03.27"]
[SourceQuality "1"]

1. e4 e5 2. Nf3 Nc6 3. c3 d5 4. Bb5 dxe4 5. Nxe5 Qd5 6. Nxc6 Qxb5 7. Nd4 Qg5 8. Rg1 Qe5 9. g3 Bc5 10. Nb3 Bb6 11. Qe2 Nf6 12. d4 Qe7 13. Bg5 h6 14. Bxf6 gxf6 15. N1d2 0-0 16. 0-0-0 f5 17. g4 Kh7 18. g5 Be6 19. Nxe4 fxe4 20. Qxe4+ Kh8 21. d5 Qd6 22. dxe6 Qxe6 23. Qh4 Rg8 24. Nd4 Qg6 25. Rg3 h5 26. f4 Bxd4 27. Rxd4 Rae8 28. Rh3 Re2 29. Qxh5+ Qxh5 30. Rxh5+ Kg7 31. Rd2 Re1+ 32. Kc2 Rge8 33. Rh6 Rf1 34. Rf6 Re7 35. f5 Rf4 36. Kd1 Rf1+ 37. Kc2 Rf4 38. Rg2 Re5 39. Kd3 Rexf5 40. Rxf5 Rxf5 41. Ke4 Rf1 42. Rd2 Kg6 43. Rg2 Rf5 44. h4 Ra5 45. b3 Kh5 46. Rf2 Kg6 47. h5+ Kxg5 48. Rxf7 Rc5 49. c4 Rc6 50. Rf5+ Kg4 51. Rd5 Re6+ 52. Kd4 Re2 53. Kc5 Re7 54. a4 Kf4 55. a5 c6 56. Rd8 Re5+ 57. Kb4 Re7 58. Ra8 b6 59. axb6 axb6 60. Rb8 Ke5 61. Rxb6 Kd6 62. Rb8 Rh7 63. Ka5 Kc7 64. Rg8 Rxh5+ 65. Kb4 Rh7 66. c5 Kb7 67. Ka5 Rf7 68. b4 Rh7 69. b5 cxb5 70. Kxb5 Rf7 71. Rg6 Rh7 72. Rb6+ Kc7 73. Ra6 Kc8 74. Rc6+ Kb7 75. Rb6+ Kc7 76. Ra6 Kc8 77. c6 Rh1 78. Ra4 Kc7 79. Ra7+ Kc8 80. c7 Rb1+ 81. Kc6 Rc1+ 1/2-1/2

[Event "Lesnica Pieniny op"]
[Site "Lesnica"]
[Date "2024.03.23"]
[Round "4"]
[White "Randziak, Martin"]
[Black "Mantic, Andrej"]
[Result "0-1"]
[WhiteElo "1941"]
[BlackElo "1804"]
[PlyCount "90"]
[EventDate "2024.03.21"]
[EventType "swiss"]
[EventRounds "7"]
[EventCountry "SVK"]
[SourceTitle "CB13_2024"]
[SourceDate "2024.03.27"]
[SourceVersion "1"]
[SourceVersionDate "2024.03.27"]
[SourceQuality "1"]

1. e4 e5 2. Nf3 Nf6 3. d4 Nxe4 4. Bd3 d5 5. Nxe5 Bd6 6. 0-0 Nd7 7. Nxd7 Bxd7 8. c4 c6 9. cxd5 cxd5 10. Nc3 Nxc3 11. bxc3 0-0 12. Qh5 f5 13. Qf3 Kh8 14. Re1 Rc8 15. Bd2 Qh4 16. g3 Qf6 17. Qxd5 f4 18. Qe4 g6 19. Qg2 Bg4 20. f3 fxg3 21. fxg4 Qf2+ 22. Kh1 Qxg2+ 23. Kxg2 Rf2+ 24. Kg1 Rxd2 25. Red1 Rxh2 26. Rac1 Rxa2 27. c4 Bf4 28. Rc2 Rxc2 29. Bxc2 Rxc4 30. Be4 Be3+ 31. Kg2 Rxd4 32. Rxd4 Bxd4 33. Bxb7 Bf2 34. Ba6 Kg7 35. Bc4 a5 36. Bb3 Kf6 37. Bg8 h6 38. Bb3 Kg5 39. Be6 a4 40. Kf3 h5 41. Kg2 h4 42. Kh3 Kf4 43. Kg2 a3 44. Kh3 Ke3 45. g5 Kd2 0-1

[Event "SVK-ch U16"]
[Site "Dudince"]
[Date "2023.04.19"]
[Round "5"]
[White "Krivosik, Matus"]
[Black "Mantic, Andrej"]
[Result "1/2-1/2"]
[WhiteElo "1446"]
[BlackElo "1422"]
[PlyCount "91"]
[EventDate "2023.04.16"]
[EventType "swiss"]
[EventRounds "9"]
[EventCountry "SVK"]
[SourceTitle "CBM 213 Extra"]
[Source "ChessBase"]
[SourceDate "2023.05.31"]
[SourceVersion "1"]
[SourceVersionDate "2023.05.31"]
[SourceQuality "1"]

1. d4 Nf6 2. Nf3 e6 3. c4 d5 4. g3 b6 5. Bg2 Bb7 6. 0-0 Be7 7. Qc2 Nbd7 8. b3 0-0 9. Bb2 Rc8 10. Nbd2 dxc4 11. bxc4 c5 12. e3 cxd4 13. exd4 Qc7 14. Rfe1 Bb4 15. a3 Bxf3 16. axb4 Bxg2 17. Kxg2 Rfe8 18. Qa4 Ra8 19. c5 bxc5 20. dxc5 a5 21. Bd4 e5 22. Be3 Nd5 23. bxa5 Nxe3+ 24. Rxe3 Nxc5 25. Qb4 Nb7 26. Rc3 Qd7 27. Rca3 Ra7 28. a6 Nd6 29. Rd3 Qc6+ 30. Kg1 Nf5 31. Qa4 Qe6 32. Qc4 h6 33. Qxe6 Rxe6 34. Rda3 Nd4 35. Ra4 Nb5 36. Ne4 Nc7 37. Nc5 Rc6 38. Ra5 f6 39. Kf1 Ne6 40. Nxe6 Rxe6 41. Ke2 Rd6 42. Ke3 Kf7 43. f4 exf4+ 44. gxf4 g6 45. R1a4 f5 46. h4 1/2-1/2

[Event "SVK-ch U16"]
[Site "Dudince"]
[Date "2023.04.18"]
[Round "4"]
[White "Mantic, Andrej"]
[Black "Slivinsky, Maxim"]
[Result "1/2-1/2"]
[WhiteElo "1422"]
[BlackElo "1320"]
[PlyCount "22"]
[EventDate "2023.04.16"]
[EventType "swiss"]
[EventRounds "9"]
[EventCountry "SVK"]
[SourceTitle "CBM 213 Extra"]
[Source "ChessBase"]
[SourceDate "2023.05.31"]
[SourceVersion "1"]
[SourceVersionDate "2023.05.31"]
[SourceQuality "1"]

1. d4 d5 2. c4 Bf5 3. Nc3 e6 4. Nf3 Nf6 5. Bf4 Bd6 6. Bg5 Be7 7. Qb3 Nc6 8. Qxb7 Nb4 9. Kd1 Rb8 10. Qxa7 Ra8 11. Qb7 Rb8 1/2-1/2

[Event "SVK-ch U16"]
[Site "Dudince"]
[Date "2023.04.16"]
[Round "1"]
[White "Havalda, Samuel"]
[Black "Mantic, Andrej"]
[Result "0-1"]
[WhiteElo "1927"]
[BlackElo "1422"]
[PlyCount "72"]
[EventDate "2023.04.16"]
[EventType "swiss"]
[EventRounds "9"]
[EventCountry "SVK"]
[SourceTitle "CBM 213 Extra"]
[Source "ChessBase"]
[SourceDate "2023.05.31"]
[SourceVersion "1"]
[SourceVersionDate "2023.05.31"]
[SourceQuality "1"]

1. e4 e5 2. Nf3 Nc6 3. d4 exd4 4. Nxd4 Bc5 5. Be3 Bxd4 6. Bxd4 Nf6 7. Nc3 d6 8. Be2 0-0 9. 0-0 Re8 10. f3 Be6 11. Be3 h6 12. f4 d5 13. e5 d4 14. exf6 dxc3 15. fxg7 cxb2 16. Rb1 Qxd1 17. Bxd1 Bxa2 18. Rxb2 Rxe3 19. Rxa2 Kxg7 20. Bf3 a6 21. Rb1 Nd4 22. Bxb7 Rb8 23. Rb4 Re1+ 24. Kf2 Re2+ 25. Kf1 Rxc2 26. Rxa6 c5 27. Rbb6 Nf5 28. Be4 Ne3+ 29. Kg1 Rxb6 30. Rxb6 Rd2 31. Rc6 c4 32. f5 Ng4 33. Kf1 Rd4 34. Bc2 Ne3+ 35. Ke2 Nxc2 36. f6+ Kg6 0-1

[Event "SVK-ch U12"]
[Site "Lubovna"]
[Date "2020.08.19"]
[Round "6"]
[White "Mantic, Andrej"]
[Black "Carnecky, Viliam"]
[Result "0-1"]
[WhiteElo "1147"]
[BlackElo "1338"]
[PlyCount "50"]
[EventDate "2020.08.15"]
[EventType "swiss"]
[EventRounds "9"]
[EventCountry "SVK"]
[SourceTitle "EXT 2021"]
[Source "ChessBase"]
[SourceDate "2020.10.23"]
[SourceVersion "1"]
[SourceVersionDate "2020.10.23"]
[SourceQuality "1"]

1. e4 c6 2. d4 d5 3. exd5 cxd5 4. Nc3 Bf5 5. Bd3 Bxd3 6. Qxd3 Nf6 7. Nf3 h6 8. 0-0 Nc6 9. Bf4 e6 10. a3 Bd6 11. Bg3 Bxg3 12. fxg3 Qb6 13. b3 0-0 14. Kh1 Rfe8 15. Rae1 Qa5 16. a4 Nb4 17. Qb5 Qxb5 18. Nxb5 Nxc2 19. Re2 Rec8 20. Rc1 Nb4 21. Rxc8+ Rxc8 22. Nxa7 Rc3 23. Rb2 Ne4 24. Nb5 Rc1+ 25. Ng1 Nd3 0-1

[Event "SVK-ch U12"]
[Site "Lubovna"]
[Date "2020.08.16"]
[Round "2"]
[White "Petrus, Daniel"]
[Black "Mantic, Andrej"]
[Result "0-1"]
[WhiteElo "1383"]
[BlackElo "1147"]
[PlyCount "108"]
[EventDate "2020.08.15"]
[EventType "swiss"]
[EventRounds "9"]
[EventCountry "SVK"]
[SourceTitle "EXT 2021"]
[Source "ChessBase"]
[SourceDate "2020.10.23"]
[SourceVersion "1"]
[SourceVersionDate "2020.10.23"]
[SourceQuality "1"]

1. e4 e5 2. Nf3 Nc6 3. d4 exd4 4. Nxd4 Bc5 5. Be3 Bxd4 6. Bxd4 Nxd4 7. Qxd4 Qf6 8. c3 b6 9. Nd2 Bb7 10. 0-0-0 0-0-0 11. f3 d5 12. e5 Qe6 13. f4 Ne7 14. Nf3 Nc6 15. Qa4 Rhe8 16. Bb5 Kb8 17. h3 Re7 18. g4 f6 19. f5 Qd7 20. Nd4 Rxe5 21. Bxc6 Qd6 22. Bxb7 Kxb7 23. Nb5 Qc5 24. Qxa7+ Kc8 25. Nd4 Rde8 26. Qa8+ Kd7 27. Qa4+ Kd6 28. Qb4 Ra8 29. Qxc5+ bxc5 30. Nb5+ Kc6 31. Na3 c4 32. Rhe1 Rae8 33. Kd2 Kc5 34. Nc2 c6 35. Nd4 R8e7 36. Re2 Kd6 37. Rde1 c5 38. Ne6 g6 39. Rxe5 fxe5 40. Ng5 h6 41. Nf3 e4 42. Nh4 g5 43. Ng6 Re8 44. h4 gxh4 45. Nxh4 Ke5 46. Ng2 Rb8 47. Kc2 d4 48. cxd4+ cxd4 49. a4 Ra8 50. b3 Ra6 51. Rf1 e3 52. bxc4 Rxa4 53. Kd3 Ra2 54. Nf4 Rd2# 0-1